|
|
|
|
| LEADER |
00000nam0a2200000 4500 |
| 001 |
321763 |
| 005 |
20231102003416.0 |
| 035 |
|
|
|a (RuTPU)RU\TPU\book\347319
|
| 090 |
|
|
|a 321763
|
| 100 |
|
|
|a 20160905d1926 km y0rusy50 ca
|
| 101 |
1 |
|
|a rus
|c eng
|
| 102 |
|
|
|a UA
|
| 105 |
|
|
|a a z 000zb
|
| 200 |
1 |
|
|a По мастерским и заводам Генри Форда
|e пер. с англ.
|f авт. предисл. К. Грасиса ; под ред. Б. И. Шифрина ; пер. Б. И. Браунштейна
|
| 210 |
|
|
|a Харьков
|c Космос
|d 1926
|
| 215 |
|
|
|a 182 с.
|c ил.
|
| 423 |
|
|
|t Чему учиться у Форда
|f Ф. Р. Дунаевский
|a Дунаевский, Ф. Р.
|
| 600 |
|
1 |
|a Форд
|g Генри
|b Г.
|c американский промышленник
|f 1863-1947
|2 stltpush
|3 (RuTPU)RU\TPU\pers\1602
|
| 606 |
1 |
|
|a США
|x Экономика
|x Промышленность
|2 stltpush
|3 (RuTPU)RU\TPU\subj\36993
|9 58171
|
| 610 |
1 |
|
|a автомобильная промышленность
|
| 610 |
1 |
|
|a история
|
| 610 |
1 |
|
|a 20 век
|
| 610 |
1 |
|
|a автомобили
|
| 610 |
1 |
|
|a тракторы
|
| 610 |
1 |
|
|a производительность труда
|
| 610 |
1 |
|
|a экономическая эффективность
|
| 686 |
|
|
|a У9(71США)30
|v LBC/SL-A
|2 rubbk
|
| 702 |
|
1 |
|a Грасис
|b К.
|4 080
|
| 702 |
|
1 |
|a Шифрин
|b Б. И.
|4 340
|
| 702 |
|
1 |
|a Браунштейн
|b Б. И.
|4 730
|
| 801 |
|
1 |
|a RU
|b 63413507
|c 20160905
|
| 801 |
|
2 |
|a RU
|b 63413507
|c 20200929
|g RCR
|
| 942 |
|
|
|c BK
|